Normal view
MARC view
- PAF HISTORY-1941-1966
Entry Topical Term
001 - CONTROL NUMBER
- control field: 60689
003 - CONTROL NUMBER IDENTIFIER
- control field: NUST
005 - DATE AND TIME OF LATEST TRANSACTION
- control field: 20210628202612.0
008 - FIXED-LENGTH DATA ELEMENTS
- fixed length control field: 210628|| aca||aabn | a|a d
040 ## - CATALOGING SOURCE
- Original cataloging agency: NUST
- Transcribing agency: NUST
150 ## - HEADING--TOPICAL TERM
- Topical term or geographic name entry element: PAF HISTORY-1941-1966
670 ## - SOURCE DATA FOUND
- Source citation: Work cat.: (NUST): Rabbani, M.A. Gp Capt(R) 60688, My years in blue uniform ,1941-1966, 2005
